00502nam a2200181Ia 4500003000900000008004100009020001600050040001600066080001900082100002200101245004200123260003900165300001000204500002600214650002700240650003200267650002100299IN-BaIIA211028s9999 xx 000 0 eng d a671-20380-0 cIIA Library a[8]:01:00bDAV aDavis, Nuel Pharr 0aLawrence and oppenheimercN. P. Davis aNew YorkbSimon and Schusterc1969 a384p. aDontated by Mr. Bappu a Biography - Lawrence a Biography - Oppenheimer  aNASA thesaurus